The agony of modern music. (Record no. 2476)

MARC details
000 -LEADER
fixed length control field 00606cam a22002171 4500
001 - CONTROL NUMBER
control field 2164838
003 - CONTROL NUMBER IDENTIFIER
control field GBCCL
005 - DATE AND TIME OF LATEST TRANSACTION
control field 20241126110430.0
008 - FIXED-LENGTH DATA ELEMENTS--GENERAL INFORMATION
fixed length control field 730703s1955 nyu 000 0 eng
010 ## -
-- 54012361
040 ## - CATALOGING SOURCE
Original cataloging agency DLC
Transcribing agency DLC
Modifying agency DLC
050 00 -
-- ML197
-- .P5
082 00 - DEWEY DECIMAL CLASSIFICATION NUMBER
Classification number 780.904
Item number PLE
100 1# - MAIN ENTRY--PERSONAL NAME
Personal name Pleasants, Henry.
9 (RLIN) 5143
245 14 - TITLE STATEMENT
Title The agony of modern music.
260 ## - PUBLICATION, DISTRIBUTION, ETC.
Place of publication, distribution, etc. New York,
Name of publisher, distributor, etc. Simon and Schuster,
Date of publication, distribution, etc. 1955.
300 ## - PHYSICAL DESCRIPTION
Extent 180 p.
Dimensions 21 cm.
650 #0 - SUBJECT ADDED ENTRY--TOPICAL TERM
Topical term or geographic name entry element Music
Chronological subdivision 20th century
General subdivision History and criticism.
9 (RLIN) 5144
906 ## - LOCAL DATA ELEMENT F, LDF (RLIN)
a 7
b cbc
c orignew
d u
e ocip
f 19
g y-gencatlg
942 ## - ADDED ENTRY ELEMENTS (KOHA)
Source of classification or shelving scheme Dewey Decimal Classification
Koha item type Books
Koha issues (borrowed), all copies 1
Holdings
Withdrawn status Lost status Source of classification or shelving scheme Damaged status Not for loan Home library Current Library Shelving location Date acquired Total checkouts Full call number Barcode Date last seen Date last checked out Copy number Price effective from Koha item type
    Dewey Decimal Classification     GRACE BIBLE COLLEGE GRACE BIBLE COLLEGE General Studies 2017-08-17 1 780.904 PLE 002532 2025-05-01 2019-01-24 c.1 2017-08-17 Books
© Grace Bible College Library 2025